Guess the Billie Eilish's song - Statistiques

Statistiques générales
  • Ce quiz a été pris 79 fois
    42 depuis la dernière actualisation
  • Le résultat moyen est 152 sur 292
Statistiques - réponses
Hint Réponse % Correct
I
100%
you
92%
You
92%
you)
92%
a
89%
A
89%
(A
89%
the
83%
when
83%
me
81%
be
78%
Love
75%
to
75%
your
72%
an
69%
| (Outro) I'm
69%
(I'm
69%
for
67%
for)
67%
it
67%
(It
67%
It
67%
not
67%
so
67%
wanna
67%
We
64%
And
61%
can
58%
Da
58%
da
58%
in
58%
who
58%
with
58%
at
56%
But
56%
know,
56%
know
56%
look
56%
on
56%
(On
56%
you're
56%
(You're
56%
alone
53%
alone,
53%
alone)
53%
comes
50%
get
50%
(Get
50%
like
50%
Make
50%
make
50%
Some
50%
take
50%
way
50%
without
50%
better
47%
'Cause
47%
lock
47%
warning
47%
makes
44%
Makes
44%
that
44%
That
44%
dark
42%
does
42%
door
42%
more
42%
of
42%
phone
42%
sentimental
42%
somethin
42%
somethin'
42%
there's
42%
tonight
42%
tonight,
42%
tonight)
42%
boring
39%
change
39%
happen
39%
have
39%
It's
39%
it's
39%
little
39%
waitin'
39%
(Waitin'
39%
lot
36%
picture
36%
twenty
36%
both
33%
'bout
33%
('Bout
33%
gets
33%
lose
33%
only
33%
(Only
33%
seconds
33%
waiting
33%
yours
33%
yours)
33%
how
31%
if
31%
(Oh)
31%
one
31%
stop
31%
though
31%
though)
31%
goin'
28%
goin')
28%
Mm
28%
mm
28%
sharing
28%
sorry
28%
Won't
28%
hard
25%
movie
25%
obsession
25%
once
25%
torture
25%
(Torture
25%
Use
25%
arms,
22%
different
22%
hide
22%
hotel
22%
informations
22%
starts
22%
starts)
22%
bearings
19%
jealous
19%
might
19%
names
19%
Nobody
19%
saw
19%
(Saw
19%
we'd
19%
breathin'
17%
'em
17%
floor
17%
floor)
17%
impression
17%
impression)
17%
really
17%
check-ins
14%
heavy
14%
lobby
14%
lobby)
14%
strong
14%
worth
14%
Aucun quiz correspondant
Distribution des résultats
% des personnes avec chaque résultat
Percentile par nombre de réponses
Votre historique - résultats
Vous n’avez pas pris ce quiz depuis la dernière actualisation